Представление документа в формате RUSMARC

Поле Инд. ПП Название Значение
Тип записи a
Библиографический уровень a
001 Контрольный номер a9227c85a4ef4438a173c7029a8dcd6d
005 Дата корректировки 20190320154337.0
100 a Данные общей обработки 20190320 ||| 0rusy0189 ca
101 0_ a Язык текста rus
102 a Страна публикации RU
200 1_ f Первые сведения об ответственности Н.Д. Грибов
a Заглавие Бремя доказывания в корпоративных спорах
b Общее обозначение материала Текст
210 1_ d Дата издания 2019
461 _0 1 2000
a Арбитражный и гражданский процесс
463 _0 1 2000
a № 2
v С. 25-28
1 2101
d 2019
1 0013e7ebef851ed45dab836f3bf2c0ea7ce
606 a Основная рубрика Гражданское процессуальное право
610 0_ a Ключевые слова АРБИТРАЖНЫЙ ПРОЦЕСС
a Ключевые слова КОРПОРАТИВНЫЕ СПОРЫ
a Ключевые слова ДОКАЗЫВАНИЕ
700 _1 a Фамилия Грибов
b Имя Н.Д.
801 _0 a Страна RU
b Организация РГУП
c Дата составления 20190320
g Правила каталогизации PSBO
801 _1 a Страна RU
b Организация РГУП
c Дата составления 20190320
g Правила каталогизации PSBO
901 t Тип документа b
w Контрольный № источника 3e7ebef851ed45dab836f3bf2c0ea7ce
905 a Дата ввода 20190320